[Event "Bhubaneswar Odisha op"]
[Site "Bhubaneswar"]
[Date "2024.12.15"]
[Round "1"]
[White "Karan, JP."]
[Black "Fedorov, Alexei"]
[Result "0-1"]
[WhiteElo "1969"]
[BlackElo "2385"]
[PlyCount "98"]
[EventDate "2024.12.15"]
[EventType "swiss"]
[EventRounds "10"]
[EventCountry "IND"]
[SourceTitle "CB52_2024"]
[SourceDate "2024.12.25"]
[SourceVersion "1"]
[SourceVersionDate "2024.12.25"]
[SourceQuality "1"]

1. e4 c5 2. Nc3 a6 3. g3 b5 4. Bg2 Bb7 5. d3 e6 6. Nh3 d6 7. 0-0 Nd7 8. f4 b4 9. Ne2 Ngf6 10. Nf2 h5 11. h3 Qc7 12. c3 bxc3 13. bxc3 Be7 14. Rb1 Rb8 15. Be3 Bc6 16. Qd2 0-0 17. g4 hxg4 18. hxg4 Rb6 19. g5 Nh7 20. Ng3 Rfb8 21. Rbc1 Ba4 22. Qe2 Rb2 23. Qh5 Qd8 24. Bf3 Ndf8 25. Nh3 Rxa2 26. f5 Rbb2 27. Ne2 Bc2 28. Rxc2 Rxc2 29. Qg4 d5 30. f6 Bd6 31. exd5 exd5 32. Nef4 d4 33. cxd4 cxd4 34. Bf2 Bxf4 35. Nxf4 Ra5 36. Nh3 Ne6 37. Bh4 Qd6 38. Bg3 Qc5 39. g6 Nxf6 40. gxf7+ Kxf7 41. Bd1 Rb2 42. Qh4 Ng5 43. Nf4 Qf5 44. Qh1 Raa2 45. Bh5+ Nxh5 46. Qxh5+ Kg8 47. Qe8+ Qf8 48. Qh5 Qa8 49. Qg4 Rg2+ 0-1

[Event "Bhubaneswar op-A 15th"]
[Site "Bhubaneswar"]
[Date "2024.12.03"]
[Round "2"]
[White "Kaustuv, Kundu"]
[Black "Karan, JP."]
[Result "1-0"]
[WhiteElo "2427"]
[BlackElo "1969"]
[PlyCount "77"]
[EventDate "2024.12.02"]
[EventType "swiss"]
[EventRounds "10"]
[EventCountry "IND"]
[SourceTitle "CB50_2024"]
[SourceDate "2024.11.01"]
[SourceVersion "1"]
[SourceVersionDate "2024.11.01"]
[SourceQuality "2"]

1. Nf3 Nf6 2. c4 c5 3. Nc3 Nc6 4. e3 e6 5. d4 d5 6. cxd5 exd5 7. Bb5 a6 8. Bxc6+ bxc6 9. 0-0 Be7 10. dxc5 Bxc5 11. b3 0-0 12. Bb2 Bg4 13. Rc1 Rc8 14. h3 Bh5 15. Ne2 Bxf3 16. gxf3 Bd6 17. Qd3 Qd7 18. Bxf6 Qxh3 19. f4 gxf6 20. Ng3 Kh8 21. Qf5 Qh6 22. Kg2 Qg6 23. Rh1 Rg8 24. Kf3 Qxf5 25. Nxf5 Ba3 26. Rcd1 Rb8 27. Rh5 Rg6 28. Rdh1 Kg8 29. Rxh7 Kf8 30. Nh6 Rb7 31. Rh8+ Ke7 32. Nf5+ Ke6 33. Nd4+ Kd6 34. Ra8 Bc5 35. Nf5+ Ke6 36. Ng3 Kd7 37. Rh7 Kd6 38. Rxa6 Rg8 39. Nf5+ 1-0